| 000 -LEADER |
| fixed length control field |
01103nam a2200253Ia 4500 |
| 001 - CONTROL NUMBER |
| control field |
592 |
| 003 - CONTROL NUMBER IDENTIFIER |
| control field |
GE_BSU |
| 008 - FIXED-LENGTH DATA ELEMENTS--GENERAL INFORMATION |
| fixed length control field |
181216s||||||||xx |||||||||||||| ||und|| |
| 020 ## - INTERNATIONAL STANDARD BOOK NUMBER |
| International Standard Book Number |
9789941130854 |
| 040 ## - CATALOGING SOURCE |
| Transcribing agency |
GE_BSU |
| 080 ## - UNIVERSAL DECIMAL CLASSIFICATION NUMBER |
| Universal Decimal Classification number |
39(4)(04)(075.8)+008(4)(075.8) |
| 100 ## - MAIN ENTRY--PERSONAL NAME |
| Personal name |
თოფჩიშვილი,როლანდ |
| 245 ## - TITLE STATEMENT |
| Title |
ევროპის ეთნოლოგია. |
| 245 ## - TITLE STATEMENT |
| Remainder of title |
ეთნიკური ისტორია,ეთნიკური კულტურა.სახელმძღვანელო სტუდენტებისათვის |
| 245 ## - TITLE STATEMENT |
| Statement of responsibility, etc. |
რედ.ქეთევან ხუციშვილი;მიხეილ ქურდიანი |
| 260 ## - PUBLICATION, DISTRIBUTION, ETC. |
| Place of publication, distribution, etc. |
თბილისი |
| 260 ## - PUBLICATION, DISTRIBUTION, ETC. |
| Name of publisher, distributor, etc. |
თბილისის უნივერსიტეტის გამ–ბა |
| 260 ## - PUBLICATION, DISTRIBUTION, ETC. |
| Date of publication, distribution, etc. |
2009 |
| 300 ## - PHYSICAL DESCRIPTION |
| Extent |
360გვ. |
| 653 ## - INDEX TERM--UNCONTROLLED |
| Uncontrolled term |
ევროპის ეთნოლოგია. |
| 653 ## - INDEX TERM--UNCONTROLLED |
| Uncontrolled term |
ეთნიკური ისტორია,ეთნიკური კულტურა |
| 942 ## - ADDED ENTRY ELEMENTS (KOHA) |
| Koha item type |
წიგნი |